The women of the Mahabharata: (Record no. 13772)

MARC details
000 -LEADER
fixed length control field 03925nam a22004577a 4500
005 - DATE AND TIME OF LATEST TRANSACTION
control field 20080618103628.0
008 - FIXED-LENGTH DATA ELEMENTS--GENERAL INFORMATION
fixed length control field 080618t xxu||||| |||| 00| 0 eng d
010 ## - LCCN (DPL NO)
LC control number ENG-90370 B-309427-437
020 ## - INTERNATIONAL STANDARD BOOK NUMBER
International Standard Book Number 8125035141
Terms of availability 395.00
020 ## - INTERNATIONAL STANDARD BOOK NUMBER
International Standard Book Number 9788125035145
Terms of availability 395.00
035 ## - SYSTEM CONTROL NUMBER
System control number EN-73903
035 ## - SYSTEM CONTROL NUMBER
System control number B-309427-437
035 ## - SYSTEM CONTROL NUMBER
System control number B-359121
037 ## - SOURCE OF ACQUISITION
Source of stock number/acquisition DBAD / PUB
037 ## - SOURCE OF ACQUISITION
Source of stock number/acquisition Aakar Books
037 ## - SOURCE OF ACQUISITION
Source of stock number/acquisition Pansy Books
040 ## - CATALOGING SOURCE
Original cataloging agency dpl
Language of cataloging English
082 ## - DEWEY DECIMAL CLASSIFICATION NUMBER
Classification number 230.1
100 ## - MAIN ENTRY--PERSONAL NAME
Personal name Chaturvedi Badrinath
245 ## - TITLE STATEMENT
Title The women of the Mahabharata:
Statement of responsibility, etc by Chaturvedi Badrinath
Remainder of title the question of truth /
260 ## - PUBLICATION, DISTRIBUTION, ETC. (IMPRINT)
Place of publication, distribution, etc New Delhi
Name of publisher, distributor, etc Orient Longman
Date of publication, distribution, etc 2008(repr.).
270 ## - ADDRESS
Address 1/24, Asaf Ali Raod,
City New Delhi
Postal code 110002
Telephone number delgeneral@orientlongman.com
300 ## - PHYSICAL DESCRIPTION
Extent ix, 276p.
Dimensions 25cm(pbk)
500 ## - GENERAL NOTE
General note Includes index
942 ## - ADDED ENTRY ELEMENTS (KOHA)
Item type English Books
Classification part 230.1
Source of classification or shelving scheme Dewey Decimal Classification
Call number suffix CHA
Holdings
Withdrawn status Lost status Damaged status Not for loan Collection code Home library Current library Date acquired Source of acquisition Cost, normal purchase price Total Checkouts Full call number Barcode Date last seen Copy number Cost, replacement price Koha item type Source of classification or shelving scheme Total Renewals
        Non-fiction Bagh Kadhe Khan Bagh Kadhe Khan 20/05/2009 Aakar Books/I-881/26.12.08/246/12.12.08/29.12.08 395.00   230.1 CHA B-309434 20/05/2009 1 395.00 English Books Dewey Decimal Classification  
        Non-fiction Bawana Bawana 20/05/2009 Aakar Books/I-881/26.12.08/246/12.12.08/29.12.08 395.00 1 230.1 CHA B-309436 19/06/2024 1 395.00 English Books Dewey Decimal Classification  
        Non-fiction Central Library Central Library 20/05/2009 Aakar Books/I-881/26.12.08/246/12.12.08/29.12.08 395.00 4 230.1 CHA B-309427 02/02/2020 1 395.00 English Books Dewey Decimal Classification 1
      Not For Loan Non-fiction D.B.Act.Division D.B.Act.Division 18/06/2008 DBAD / PUB 395.00   230.1 CHA EN-73903 15/09/2008 1 395.00 English Books    
        Non-fiction Janak Puri Janak Puri 01/10/2009 Pansy Books/942/29.9.09/92/4.9.09/29.9.09 395.00 20 230.1 CHA B-359121 27/10/2023 1 395.00 English Books Dewey Decimal Classification 4
        Non-fiction Karol Bagh Karol Bagh 20/05/2009 Aakar Books/I-881/26.12.08/246/12.12.08/29.12.08 395.00   230.1 CHA B-309433 20/05/2009 1 395.00 English Books Dewey Decimal Classification  
        Non-fiction Kasturba Gandhi Marg Kasturba Gandhi Marg 20/05/2009 Aakar Books/I-881/26.12.08/246/12.12.08/29.12.08 395.00   230.1 CHA B-309429 20/05/2009 1 395.00 English Books Dewey Decimal Classification  
        Non-fiction Narela Narela 20/05/2009 Aakar Books/I-881/26.12.08/246/12.12.08/29.12.08 395.00   230.1 CHA B-309435 20/05/2009 1 395.00 English Books Dewey Decimal Classification  
        Non-fiction Patel Nagar Patel Nagar 20/05/2009 Aakar Books/I-881/26.12.08/246/12.12.08/29.12.08 395.00 2 230.1 CHA B-309428 27/02/2025 1 395.00 English Books Dewey Decimal Classification  
        Non-fiction Peshwa Road Peshwa Road 20/05/2009 Aakar Books/I-881/26.12.08/246/12.12.08/29.12.08 395.00   230.1 CHA B-309430 20/05/2009 1 395.00 English Books Dewey Decimal Classification  
        Non-fiction Sarojini Nagar Sarojini Nagar 20/05/2009 Aakar Books/I-881/26.12.08/246/12.12.08/29.12.08 395.00 8 230.1 CHA B-309432 01/01/2019 1 395.00 English Books Dewey Decimal Classification 2
        Non-fiction Shahdara Branch Shahdara Branch 20/05/2009 Aakar Books/I-881/26.12.08/246/12.12.08/29.12.08 395.00 3 230.1 CHA B-309437 31/10/2022 1 395.00 English Books Dewey Decimal Classification  
        Non-fiction Tri Nagar Tri Nagar 20/05/2009 Aakar Books/I-881/26.12.08/246/12.12.08/29.12.08 395.00 3 230.1 CHA B-309431 18/08/2023 1 395.00 English Books Dewey Decimal Classification  

© Delhi Public Library
Hit Counter
free hit counter